000
002760000a22000970004500
100
1
_a
Morales, Rocío
245
1
0
_a
Organización de mujeres luteranas de Colombia
300
_a
Vol.17, núm.17 (Junio, 2005), Páginas 10-17
773
0
_t
La Voz Luterana de Colombia
942
_c
ANA
999
_c
60543
_d
60543